000
00323nam a22001337a 4500
020
_a
81 207 1469 5
082
_a
825
_b
DIN/H
100
_a
DINES,JESS E.
245
_a
HANDWRITING ANALYSIS MADE EASY
260
_a
NEW ELHI
_b
STERLING PAPER BACKS
300
_a
116
650
_a
HANDWRITING ANALYSIS
_z
NEW DELHI
942
_c
BK
999
_c
3835
_d
3835